[Event "SVK-ch U14"]
[Site "Tatralandia"]
[Date "2024.04.07"]
[Round "3"]
[White "Pauko, Sebastian"]
[Black "Ziman, Damian"]
[Result "0-1"]
[WhiteElo "1249"]
[BlackElo "1692"]
[PlyCount "116"]
[EventDate "2024.04.05"]
[EventType "swiss"]
[EventRounds "9"]
[EventCountry "SVK"]
[SourceTitle "CB16_2024"]
[SourceDate "2024.04.17"]
[SourceVersion "1"]
[SourceVersionDate "2024.04.17"]
[SourceQuality "1"]

1. e4 c5 2. Nf3 d6 3. d4 cxd4 4. Nxd4 Nf6 5. Nc3 g6 6. f4 Bg7 7. e5 dxe5 8. fxe5 Nfd7 9. e6 Ne5 10. exf7+ Nxf7 11. Bb5+ Bd7 12. 0-0 Bxb5 13. Ndxb5 Qb6+ 14. Kh1 0-0 15. Rf3 a6 16. Be3 Qa5 17. Nd4 Rd8 18. Qf1 Ne5 19. Ne6 Nxf3 20. Nxd8 Qxd8 21. Qxf3 Nc6 22. Rd1 Qc7 23. Qd5+ Kh8 24. Qd7 Qe5 25. Qxb7 Rf8 26. Qxc6 Qxe3 27. Qe4 Qxe4 28. Nxe4 Bxb2 29. c4 Rc8 30. c5 Ba3 31. Rd5 Kg7 32. h3 h6 33. Rd7 Kf7 34. Ra7 Rc6 35. Kg1 Re6 36. c6 Rxe4 37. Rxa6 Bd6 38. a4 Bc7 39. Kf2 Rc4 40. Ke3 Ke6 41. Kd3 Kd5 42. a5 Rc5 43. Ra8 Bxa5 44. Rf8 Rxc6 45. Rh8 g5 46. Rh7 e5 47. Rd7+ Rd6 48. Rb7 Kc6+ 49. Ke4 Kxb7 50. Kxe5 Rd2 51. g3 Bc7+ 52. Kf6 Bxg3 53. Kg6 Rh2 54. Kxh6 Rxh3+ 55. Kxg5 Be5 56. Kf5 Re3 57. Kg4 Kc6 58. Kf5 Kd5 0-1